| 000 | 00550nam a22002057a 4500 | ||
|---|---|---|---|
| 001 | 25483 | ||
| 005 | 20260424080912.0 | ||
| 008 | 260424b |||||||| |||| 00| 0 spa d | ||
| 041 | _aESP | ||
| 082 |
_a985.2 _bF64 T. 2 |
||
| 100 | _aFlores-Zúñiga, Fernando | ||
| 245 |
_aHaciendas y pueblos de Lima : _bhistoria del valle del Rímac (de sus orígenes al siglo XX) |
||
| 260 |
_a : _b , _c2009 |
||
| 300 |
_axx, 727 páginas : _b ; _c23 cm. |
||
| 440 | _a ; | ||
| 650 | _aCIS | ||
| 654 | _aCHU | ||
| 700 | _a; | ||
| 942 |
_cLIB _dJUS _fJUS _n0 _2ddc |
||
| 999 |
_c25483 _d25483 |
||